Mother Mother - Cry Christmas Lyrics Quiz - Statistics

General Stats
  • This quiz has been taken 14 times
  • The average score is 193 of 249
Answer Stats
Hint Answer % Correct
a
100%
and
100%
And
100%
Christmas
100%
Christmas"
100%
do
100%
do?
100%
I
100%
It's
100%
it's
100%
on
100%
The
100%
the
100%
when
100%
cry
91%
cry,
91%
Cry,
91%
my,
91%
my
91%
"No,
91%
No
91%
not
91%
Oh
91%
oh
91%
Oh,
91%
so
91%
they
91%
to
91%
try
91%
up
91%
what
91%
What
91%
About
82%
all
82%
don't
82%
"Don't
82%
gone
82%
just
82%
One,
82%
tell
82%
too
82%
you
82%
Lyrics: Another
73%
another
73%
are
73%
but
73%
But
73%
down
73%
eyes,
73%
eyes
73%
girlfriend
73%
Ho,
73%
ho,
73%
ho
73%
is
73%
John
73%
John,
73%
me,
73%
me"
73%
mistletoe
73%
monsoon
73%
shut
73%
that
73%
Uncle
73%
21
64%
at
64%
from
64%
god
64%
Goes
64%
kids
64%
need
64%
QAnon
64%
snow
64%
your
64%
Armageddon
55%
coked
55%
divorce
55%
dry
55%
dude
55%
fun,
55%
grandpa's
55%
high
55%
kiss,
55%
little
55%
more
55%
papers"
55%
She's
55%
strangely
55%
sugar
55%
table
55%
Thank
55%
turkey's
55%
being
45%
blonde's
45%
brown
45%
degrading
45%
ones
45%
out
45%
out,
45%
pleas,
45%
plum
45%
pum
45%
rum
45%
says,
45%
show
45%
shunned
45%
turns
45%
with
45%
comes
36%
drought
36%
falls
36%
gong
36%
innocence
36%
oxycontin
36%
rain
36%
"Sing
36%
winter
36%
young
36%
bleeds
27%
climate
27%
Phewf,
27%
pie
27%
pumpkin
27%
screams
27%
sun
27%
three
27%
two,
27%
ahem
9%
ahem,
9%
No matching quizzes found
Score Distribution
Percent of People with Each Score
Percentile by Number Answered
Your Score History
You have not taken this quiz